[Event "1st WinTV Open"]
[Site "Chennai IND"]
[Date "2004.01.29"]
[Round "10"]
[White "Prakash,G"]
[Black "Deshmukh,A"]
[Result "1/2-1/2"]
[WhiteElo "2434"]
[BlackElo "2340"]

1.d4 d5 2.c4 c6 3.Nc3 e6 4.e3 Nf6 5.Nf3 Nbd7 6.Qc2 a6 7.b3 Bd6 8.Be2 O-O
9.O-O Re8 10.Rd1 h6 11.e4 dxe4 12.Nxe4 Nxe4 13.Qxe4 Nf6 14.Qc2 Qe7 15.Ne5 c5
16.Bb2 Qc7 17.Qd3 b6 18.Bf3 Bb7 19.Bxb7 Qxb7 20.dxc5 Bxc5 21.Nd7 Nxd7 22.Qxd7 Qe4
23.Qd3 Qf4 24.Qe2 Rad8 25.g3 Qf5 26.Kg2 e5 27.a3 a5 28.Rxd8 Rxd8 29.b4 axb4
30.axb4 Bxb4 31.Qxe5  1/2-1/2

[Event "1st WinTV Open"]
[Site "Chennai IND"]
[Date "2004.01.29"]
[Round "10"]
[White "Murugan,K"]
[Black "Gunasekaran,K"]
[Result "1-0"]
[WhiteElo "2390"]
[BlackElo "2265"]

1.d4 d5 2.c4 c6 3.Nf3 Nf6 4.Nc3 e6 5.e3 Nbd7 6.Bd3 dxc4 7.Bxc4 b5 8.Bd3 Bd6
9.O-O O-O 10.b3 Bb7 11.Bb2 a6 12.Ne4 Nxe4 13.Bxe4 f5 14.Bc2 c5 15.dxc5 Nxc5
16.b4 Ne4 17.Bb3 Qe7 18.a3 Kh8 19.Qe2 Ng5 20.Nxg5 Qxg5 21.f4 Qe7 22.Rad1 Rad8
23.Qf2 Bb8 24.Qg3 Bd5 25.Bxd5 exd5 26.Rd3 Rd7 27.Rfd1 Rfd8 28.Bd4 Qe6 29.Qf3 Kg8
30.h3 Qe4 31.Bb6 Qxf3 32.gxf3 Bc7 33.Bd4 Kf7 34.Rc3 Ra8 35.Rdc1 Bd8 36.Rc8 Rxc8
37.Rxc8 Bf6 38.Rc6 Bxd4 39.exd4 Re7 40.Rxa6 Re3 41.Kf2 Rd3 42.Ke2 Rxd4 43.Rb6 Rxf4
44.Rxb5 Ke6 45.a4 Rc4 46.a5 Rc2+ 47.Ke3 Ra2 48.Kd4 Rd2+ 49.Kc3 Ra2 50.Kb3 Ra1
51.Kb2 Ra4 52.Rb7 g5 53.Kb3 Ra1 54.Rxh7 Ke5 55.h4 gxh4 56.Rxh4 d4 57.Rh8 Rb1+
58.Kc4 Rc1+ 59.Kb5  1-0

[Event "1st WinTV Open"]
[Site "Chennai IND"]
[Date "2004.01.30"]
[Round "11"]
[White "Venkatakrishnan,R"]
[Black "Shrestha,K"]
[Result "0-1"]
[WhiteElo "2094"]
[BlackElo "2196"]

1.d4 d5 2.c4 e6 3.Nc3 c6 4.Nf3 Nf6 5.e3 Nbd7 6.Bd3 dxc4 7.Bxc4 b5 8.Bd3 a6
9.O-O c5 10.dxc5 Bxc5 11.Ne4 Be7 12.b3 Bb7 13.Nxf6+ Nxf6 14.Bb2 O-O 15.Be2 Qa5
16.Qd4 Rfe8 17.Qh4 Rac8 18.Bd4 h6 19.a3 Nd5 20.Qg3 Bf8 21.b4 Qc7 22.Ne5 Nb6
23.Bh5 Be4 24.Qf4 Bc2 25.Bxb6 Qxb6 26.Rad1 f6  0-1

[Event "1st WinTV Open"]
[Site "Chennai IND"]
[Date "2004.01.30"]
[Round "11"]
[White "Poobesh Anand,S"]
[Black "Murali Krishnan,B"]
[Result "1-0"]
[WhiteElo "2360"]
[BlackElo "2319"]

1.d4 d5 2.c4 c6 3.Nf3 Nf6 4.Nc3 e6 5.e3 a6 6.Qc2 Nbd7 7.b3 b6 8.Bd3 Bb7 9.Bb2 c5
10.cxd5 exd5 11.O-O Be7 12.Rad1 O-O 13.Qe2 Qc7 14.dxc5 bxc5 15.e4 d4 16.Nb1 Rfe8
17.Rfe1 Bd6 18.Qc2 Ng4 19.h3 Nge5 20.Nxe5 Nxe5 21.Bf1 Nc6 22.Nd2 Bf8 23.Rc1 Rac8
24.Ba3 Qf4 25.g3 Qh6 26.Bg2 d3 27.Qc3 Nb4 28.Bxb4 cxb4 29.Qb2 Red8 30.Red1 Bc5
31.Rc4 a5 32.e5 Ba6 33.Rf4 Be7 34.Nc4 Bxc4 35.bxc4 f6 36.Bd5+ Kh8 37.e6 g5
38.Rf3 Kg7 39.Kg2 Qg6 40.Rfxd3 Qf5 41.Rf3 Qg6 42.Qe2 a4 43.Be4 Qe8 44.Rd7 Rc5
45.Rxd8 Bxd8 46.Bd5 Be7 47.h4 h6 48.hxg5 hxg5 49.g4 Qb8 50.Qd3 Rc8  1-0

[Event "TCh-FRA Nat1 GpA"]
[Site "Evry FRA"]
[Date "2004.01.30"]
[Round "1"]
[White "Huebner,R"]
[Black "Gurevich,M"]
[Result "1/2-1/2"]
[WhiteElo "2604"]
[BlackElo "2656"]

1.d4 d5 2.c4 c6 3.Nf3 Nf6 4.Nc3 e6 5.e3 a6 6.b3 Bb4 7.Bd2 Nbd7 8.Be2 Qe7
9.O-O O-O 10.Qc2 Re8 11.Rfe1 e5 12.Nxe5 Nxe5 13.dxe5 Qxe5 14.Nxd5 Nxd5 15.cxd5 Bf5
16.Qd1 Bd6 17.g3 cxd5 18.Rc1 Rac8 19.Bg4 Ba3 20.Bxf5 Qxf5 21.Rc3 Bb2 22.Rxc8 Rxc8
23.Qe2 Rc2 24.e4 dxe4 25.Qd3 Rc8  1/2-1/2

[Event "TCh-FRA Nat1 GpB"]
[Site "Cannes FRA"]
[Date "2004.01.31"]
[Round "2"]
[White "Chabanon,JL"]
[Black "Sarthou,G"]
[Result "1-0"]
[WhiteElo "2449"]
[BlackElo "2349"]

1.Nf3 d5 2.d4 Nf6 3.c4 c6 4.Nc3 e6 5.e3 Nbd7 6.Qc2 Bd6 7.g4 Nxg4 8.Rg1 f5
9.h3 Ngf6 10.Rxg7 Kf8 11.Rg2 Ne4 12.Bd2 Rg8 13.Rxg8+ Kxg8 14.Bd3 Nf8 15.Ke2 Bd7
16.Rg1+ Kh8 17.Bxe4 fxe4 18.Nxe4 dxe4 19.Qxe4 Ng6 20.Bc3 Qf6 21.c5 Bf4 22.d5 e5
23.exf4 cxd5 24.Nxe5 dxe4 25.Nxg6+ Kg7 26.Nh8+  1-0

[Event "TCh-FRA Nat1 GpA"]
[Site "Evry FRA"]
[Date "2004.01.31"]
[Round "2"]
[White "Claverie,C"]
[Black "Beikert,G"]
[Result "1/2-1/2"]
[WhiteElo "2310"]
[BlackElo "2449"]

1.d4 d5 2.c4 c6 3.Nc3 Nf6 4.e3 e6 5.Nf3 Nbd7 6.Qe2 Bd6 7.e4 dxe4 8.Nxe4 Nxe4
9.Qxe4 e5 10.dxe5 Qe7 11.Bf4 Bb4+ 12.Bd2 Bxd2+ 13.Nxd2 Qxe5 14.f4 Qe7 15.O-O-O Nc5
16.Qxe7+ Kxe7 17.Re1+ Kd8 18.Ne4 Nxe4 19.Rxe4 Re8 20.Rxe8+ Kxe8 21.Bd3  1/2-1/2

[Event "75th ch-GER"]
[Site "Hoeckendorf GER"]
[Date "2004.01.31"]
[Round "2"]
[White "Graf,A"]
[Black "Meins,G"]
[Result "1-0"]
[WhiteElo "2629"]
[BlackElo "2460"]

1.d4 d5 2.c4 c6 3.Nc3 Nf6 4.e3 e6 5.Nf3 Nbd7 6.Bd3 Bd6 7.e4 dxe4 8.Nxe4 Nxe4
9.Bxe4 e5 10.O-O exd4 11.Qxd4 Qf6 12.Bg5 Qxd4 13.Nxd4 Nc5 14.Rfe1 O-O 15.Bf5 g6
16.Bxc8 Raxc8 17.Rad1 Rfe8 18.Rxe8+ Rxe8 19.Nf3 Bf8 20.Be3 a5 21.Kf1 a4 22.h3 h5
23.g4 hxg4 24.hxg4 Re4 25.Rd8 Ne6 26.Rb8 f6 27.g5 f5 28.b3 axb3 29.axb3 b5
30.cxb5 cxb5 31.Rxb5 Rb4 32.Rxb4 Bxb4 33.Ke2 Nc5 34.Bxc5 Bxc5 35.Ne5 Kg7
36.f4 Ba3 37.Nd3 Bd6 38.Ke3 Kf7 39.Ne5+  1-0

[Event "X It Chiuso"]
[Site "Montecatini Terme ITA"]
[Date "2004.01.31"]
[Round "10"]
[White "Naumkin,I"]
[Black "Vezzosi,P"]
[Result "1/2-1/2"]
[WhiteElo "2416"]
[BlackElo "2355"]

1.d4 Nf6 2.c4 e6 3.Nf3 d5 4.Nc3 c6 5.e3 Nbd7 6.Qc2 Bd6 7.Bd3 dxc4 8.Bxc4 b5
9.Be2 Bb7 10.O-O O-O 11.Rd1 Qc7 12.Bd2 Rac8 13.Rac1 Qb8 14.Qb1 Rfe8 15.b4 a6
16.h3 e5 17.Bd3  1/2-1/2

[Event "TCh-FRA Nat1 GpA"]
[Site "Nancy FRA"]
[Date "2004.02.01"]
[Round "3"]
[White "Wagner,Cl"]
[Black "Goloshchapov,A"]
[Result "1/2-1/2"]
[WhiteElo "2357"]
[BlackElo "2572"]

1.d4 d5 2.Nf3 Nf6 3.c4 e6 4.Nc3 c6 5.e3 Nbd7 6.Qc2 Bd6 7.g4 Nxg4 8.Rg1 f5
9.h3 Ngf6 10.Rxg7 Ne4 11.Bd2 Nf8 12.Rg2 Ng6 13.Be2 Qf6 14.O-O-O Bd7 15.Rdg1 O-O-O
16.cxd5 Nxc3 17.Bxc3 exd5 18.Bd3  1/2-1/2

[Event "OSS January It"]
[Site "Oslo NOR"]
[Date "2004.02.01"]
[Round "9"]
[White "Martinovic,Sa"]
[Black "Hole,O"]
[Result "0-1"]
[WhiteElo "2156"]
[BlackElo "2290"]

1.d4 d5 2.c4 c6 3.Nc3 Nf6 4.e3 e6 5.Nf3 Nbd7 6.Qc2 Bd6 7.g4 Bb4 8.Bd2 Qe7
9.g5 Bxc3 10.Bxc3 Ne4 11.Bd3 Nxc3 12.Qxc3 dxc4 13.Bxc4 b6 14.O-O-O Bb7 15.e4 O-O
16.h4 b5 17.Bb3 c5 18.d5 c4 19.d6 Qe8 20.Bc2 e5 21.h5 Qe6 22.Nh4 a5 23.Nf5 Nc5
24.Qe3 Nd3+ 25.Kb1 Nb4 26.d7 Nxc2 27.Kxc2 c3 28.b3 a4 29.Rd6 axb3+ 30.axb3 Bxe4+
31.Qxe4 Ra2+ 32.Kxc3 b4+ 33.Kxb4 Rb8+ 34.Kc5 Ra5+ 35.Kc6 Rc8+ 36.Kb7 Qxb3+
37.Kxc8 Qc3+ 38.Kd8 Kf8 39.Rb6 Qc5 40.Qc6  0-1

[Event "9th HIT Open"]
[Site "Nova Gorica SLO"]
[Date "2004.02.02"]
[Round "5"]
[White "Djuric,S"]
[Black "Sveshnikov,E"]
[Result "1/2-1/2"]
[WhiteElo "2487"]
[BlackElo "2557"]

1.c4 e6 2.Nc3 d5 3.d4 c6 4.Nf3 Nf6 5.e3 Nbd7 6.a3 Bd6 7.Bd3 O-O 8.O-O e5
9.cxd5 cxd5 10.Nb5 Bb8 11.dxe5 Nxe5 12.Nxe5 Bxe5 13.Nd4 Bg4 14.Qa4 Ne4 15.f4 Nc5
16.Bxh7+ Kxh7 17.Qc2+ Ne4 18.fxe5 Qg5 19.Rf4 Rac8 20.Qd3 Kg8 21.Bd2 Bh3 22.Qe2 Nxd2
23.Qxd2 Be6 24.Nf3 Qg6 25.Nd4 Qg5 26.Nf3 Qg6 27.Nd4 Qg5 28.Nf3 Qg6  1/2-1/2

[Event "9th HIT Open"]
[Site "Nova Gorica SLO"]
[Date "2004.02.02"]
[Round "5"]
[White "Gagarin,V"]
[Black "Mikac,M"]
[Result "1-0"]
[WhiteElo "2439"]
[BlackElo "2358"]

1.d4 d5 2.c4 c6 3.Nc3 Nf6 4.e3 e6 5.Nf3 Nbd7 6.Qc2 Bd6 7.Bd3 O-O 8.O-O dxc4
9.Bxc4 b5 10.Be2 Bb7 11.Rd1 Qb8 12.b3 a6 13.Ne4 Nxe4 14.Qxe4 Be7 15.Bd3 g6
16.Be2 c5 17.Qg4 Bf6 18.Bb2 Bg7 19.Qh4 Qd8 20.Qxd8 Rfxd8 21.Rac1 Rac8 22.Ba1 Bd5
23.h3 Kf8 24.Bc3 b4 25.Be1 a5 26.dxc5 Nxc5 27.Rxc5 Rxc5 28.e4 Rc2 29.Bc4 Bxc4
30.Rxd8+ Ke7 31.Ra8 Bd3 32.e5 Rxa2 33.Bxb4+ Kd7 34.Ra7+ Kc6 35.Bxa5 Be4 36.Rxf7 Bh6
37.Bd8 Bd5 38.b4 Kb5 39.Bg5 Bxg5 40.Nxg5 h6 41.Nf3 Kxb4 42.Rf6  1-0

[Event "9th HIT Open"]
[Site "Nova Gorica SLO"]
[Date "2004.02.02"]
[Round "6"]
[White "Nikolov,Sas"]
[Black "Korneev,O"]
[Result "0-1"]
[WhiteElo "2407"]
[BlackElo "2566"]

1.d4 d5 2.c4 e6 3.Nc3 c6 4.e3 Nf6 5.Nf3 Nbd7 6.Bd3 dxc4 7.Bxc4 b5 8.Bd3 Bb7
9.O-O a6 10.e4 c5 11.d5 Qc7 12.dxe6 fxe6 13.Qe2 c4 14.Bc2 Bd6 15.Bg5 O-O
16.Rad1 Bf4 17.b3 cxb3 18.Bxb3 Nc5 19.Bxf4 Qxf4 20.Nd4 Kh8 21.f3 Rad8 22.g3 Qc7
23.Qe3 e5 24.Nf5 g6 25.Nh4 Kg7 26.Rc1 Nxb3 27.axb3 Qe7 28.Nd1 h6 29.Nf2 Rd4
30.Rfd1 Rfd8 31.Rxd4 Rxd4 32.Ng2 a5 33.Nf4 a4 34.Ne2 Rd7 35.Nd3 axb3 36.Rb1 b4
37.Rxb3 Ba6 38.Nxb4 Rd1+ 39.Kg2 Bc4 40.Rb2 Qd6 41.Nc3 Ra1 42.Nc2 Ra6 43.Rb7+ Nd7
44.Qf2 Be6 45.Nb4 Ra1 46.Ncd5 g5 47.Qb2 Ra5 48.g4 Kg6 49.Kg3 Qc5 50.Qc2 Qd6
51.h4 gxh4+ 52.Kxh4 Ra3 53.Kg3 Nc5 54.Ne7+ Kg5 55.Kh3 Bxg4+ 56.Kh2 Rxf3 57.Qb2 Nxb7
58.Qc1+  0-1

[Event "75th ch-GER"]
[Site "Hoeckendorf GER"]
[Date "2004.02.05"]
[Round "7"]
[White "Bischoff,K"]
[Black "Mueller,Ka"]
[Result "1-0"]
[WhiteElo "2561"]
[BlackElo "2517"]

1.c4 c6 2.Nf3 d5 3.e3 Nf6 4.Nc3 e6 5.d4 Nbd7 6.Qc2 Bd6 7.b3 e5 8.Bb2 e4 9.Nd2 a6
10.Be2 Qe7 11.O-O-O b5 12.f3 exf3 13.Bxf3 bxc4 14.bxc4 Ba3 15.c5 Bxb2+ 16.Kxb2 O-O
17.Rhe1 Qd8 18.e4 dxe4 19.Ndxe4 Nd5 20.Nxd5 cxd5 21.Nd6 Nf6 22.h3 Be6 23.Qc3 Qc7
24.Ka1 Rfb8 25.Rb1 Qc6 26.Rb3 Qa4 27.Bd1 Rxb3 28.Bxb3 Qa3 29.Re3 Rd8 30.Qe1 Rb8
31.Rxe6 fxe6 32.Qxe6+ Kh8 33.Nf7+ Kg8 34.Nh6+ Kh8 35.Qg8+ Nxg8 36.Nf7+  1-0

[Event "TCh-SWE 2003-4"]
[Site "Malmo SWE"]
[Date "2004.02.07"]
[Round "7"]
[White "Wiedenkeller,M"]
[Black "Johansson,G1"]
[Result "1-0"]
[WhiteElo "2471"]
[BlackElo "2242"]

1.d4 d5 2.c4 c6 3.Nc3 Nf6 4.e3 e6 5.Nf3 Nbd7 6.Bd3 dxc4 7.Bxc4 b5 8.Be2 Bb7
9.O-O Be7 10.a3 a5 11.Qc2 O-O 12.Bd2 Rc8 13.Rfc1 b4 14.axb4 axb4 15.Na4 c5
16.dxc5 Nd5 17.e4 N5f6 18.Bxb4 Nxe4 19.Qb3 Bxc5 20.Nxc5 Nexc5 21.Bxc5 Nxc5
22.Rxc5 Rxc5 23.Qxb7 Qf6 24.Bd3 Rd8 25.Qe4 g6 26.Rb1 Rcd5 27.Be2 Qe7 28.b4 Qb7
29.Qe3 Qa8 30.h4 Qa2 31.Rc1 Qb2 32.b5 Ra8 33.Kh2 Ra3 34.Qh6 Rd8 35.Ng5 Qh8
36.Rc7 Qe5+ 37.g3 Qxc7 38.Qxh7+ Kf8 39.Nxe6+ fxe6 40.Qxc7 Raa8 41.Bf3  1-0

[Event "FSGM February"]
[Site "Budapest HUN"]
[Date "2004.02.10"]
[Round "4"]
[White "Seres,L"]
[Black "Banusz,T"]
[Result "1-0"]
[WhiteElo "2496"]
[BlackElo "2372"]

1.d4 d5 2.c4 c6 3.Nc3 Nf6 4.e3 e6 5.Nf3 Nbd7 6.Bd3 dxc4 7.Bxc4 b5 8.Bd3 a6
9.e4 c5 10.d5 Qc7 11.O-O c4 12.Bc2 Bb7 13.dxe6 fxe6 14.Ng5 Nc5 15.e5 Qxe5
16.Re1 Qd6 17.Qxd6 Bxd6 18.Be3 Ncd7 19.Nxe6 b4 20.Bc5 Bxc5 21.Nxc5+ Kd8 22.Nxb7+ Kc7
23.Na5 bxc3 24.bxc3 Nb6 25.Re7+ Kd6 26.Rxg7 Nfd5 27.Be4 Kc5 28.Rg5 Rab8 29.Rd1 Rhd8
30.Rd4 h6 31.Rh5 Rd6 32.Nxc4  1-0

[Event "12th Fajr Open"]
[Site "Isfahan IRI"]
[Date "2004.02.10"]
[Round "7"]
[White "Hakki,I"]
[Black "Soleimani,S"]
[Result "1-0"]
[WhiteElo "2444"]
[BlackElo "2166"]

1.Nf3 d5 2.c4 c6 3.e3 Nf6 4.Nc3 e6 5.d4 Be7 6.Bd3 Nbd7 7.O-O O-O 8.b3 b6
9.e4 dxe4 10.Nxe4 Bb7 11.Qe2 c5 12.Rd1 Qc7 13.Bg5 cxd4 14.Nxf6+ Bxf6 15.Be4 d3
16.Qxd3 Nc5 17.Bxh7+ Kh8 18.Qe3 Kxh7 19.Bxf6 Bxf3 20.Rd4 Bh5 21.Rh4  1-0

[Event "12th Aosta Open"]
[Site "St Vincent ITA"]
[Date "2004.02.10"]
[Round "4"]
[White "Borgo,G"]
[Black "Bruzon,L"]
[Result "0-1"]
[WhiteElo "2409"]
[BlackElo "2603"]

1.d4 Nf6 2.Nf3 e6 3.c4 d5 4.Nc3 c6 5.e3 Nbd7 6.Qc2 Bd6 7.e4 Nxe4 8.Nxe4 dxe4
9.Qxe4 c5 10.Bg5 Be7 11.Bxe7 Qa5+ 12.Ke2 Kxe7 13.g3 cxd4 14.Qxd4 e5 15.Qd2 Qc7
16.Qg5+ Kf8 17.Rc1 f6 18.Qe3 Nc5 19.Bg2 Bg4 20.Kf1 Rd8 21.Ne1 a5 22.h3 Be6
23.Kg1 Kf7 24.Kh2 Rd7 25.Rf1 Rhd8 26.b3 b6 27.a3 a4 28.bxa4 Rd2 29.Nc2 R2d3
30.Qe2 Nb3 31.Nb4 Nxc1 32.Rxc1 Rd2 33.Qh5+ Kg8 34.Nc6 Bf7 35.Qg4 R8d6 36.c5 bxc5
37.Rxc5 Rxf2 38.Qe4 Rdd2  0-1

[Event "FSGM February"]
[Site "Budapest HUN"]
[Date "2004.02.12"]
[Round "6"]
[White "Kahn,E"]
[Black "Banusz,T"]
[Result "0-1"]
[WhiteElo "2292"]
[BlackElo "2372"]

1.d4 d5 2.Nf3 Nf6 3.c4 c6 4.Nc3 e6 5.e3 Nbd7 6.Qc2 Bd6 7.Bd3 O-O 8.O-O dxc4
9.Bxc4 a6 10.e4 e5 11.dxe5 Nxe5 12.Nxe5 Bxe5 13.h3 b5 14.Be2 Qe7 15.Be3 Bxc3
16.Qxc3 Nxe4 17.Qxc6 Bb7 18.Qb6 Rfc8 19.Bf3 Rc6 20.Qa5 Rg6 21.Rfd1 Re8 22.Bg4 Nxf2  0-1

[Event "X Open"]
[Site "Coria del Rio ESP"]
[Date "2004.02.13"]
[Round "3"]
[White "Ivanov,J"]
[Black "Korneev,O"]
[Result "0-1"]
[WhiteElo "2406"]
[BlackElo "2566"]

1.d4 d5 2.c4 e6 3.Nc3 c6 4.Nf3 Nf6 5.e3 Nbd7 6.Qc2 Bd6 7.b3 O-O 8.Be2 b6
9.O-O Bb7 10.e4 dxe4 11.Nxe4 Nxe4 12.Qxe4 Nf6 13.Qh4 c5 14.dxc5 Bxc5 15.Bb2 Qe7
16.Rad1 Rad8 17.Bd3 Ne4 18.Qxe7 Bxe7 19.Rfe1 Nc5 20.Be2 Bxf3 21.Bxf3 Nd3
22.Re2 Nxb2 23.Rxb2 Rxd1+ 24.Bxd1 Rd8 25.Be2 Ba3 26.Rc2 f5 27.Bf3 Rd4 28.Kf1 a5
29.g3 Bb4 30.Ke2 Rd8 31.a3 Bxa3 32.Rd2 Bd6 33.Bc6 Kf7 34.f4 Ke7 35.Kf3 Rc8
36.Bb5 h6 37.h4 g6 38.Rd1 Rg8 39.Re1 g5 40.hxg5 hxg5 41.c5 g4+ 42.Kg2 Bxc5
43.Rxe6+ Kxe6 44.Bc4+ Kf6 45.Bxg8 b5 46.Kf1 a4 47.bxa4 bxa4 48.Ke2 a3 49.Ba2 Ke7
50.Bb3 Kd6 51.Ba2 Bg1 52.Bb1 Bh2  0-1

[Event "TCh-FIN 2003-4"]
[Site "Finland FIN"]
[Date "2004.02.14"]
[Round "7"]
[White "Penttinen,J"]
[Black "Molander,R"]
[Result "1/2-1/2"]
[WhiteElo "2295"]
[BlackElo "2324"]

1.d4 d5 2.Nf3 Nf6 3.c4 c6 4.e3 e6 5.Nc3 Bd6 6.Qc2 O-O 7.Bd3 Nbd7 8.O-O Qe7
9.e4 dxc4 10.Bxc4 e5 11.Be3 exd4 12.Bxd4 Ne5 13.Nxe5 Bxe5 14.Bxe5 Qxe5 15.Be2 Re8
16.Rae1 Ng4 17.Bxg4 Bxg4 18.f4 Qd4+ 19.Qf2 Qxf2+ 20.Rxf2 f6 21.h3 Be6 22.Rd2 Rad8
23.Red1 Rxd2 24.Rxd2 Kf8 25.Kf2 Ke7  1/2-1/2

[Event "12th Aosta Open"]
[Site "St Vincent ITA"]
[Date "2004.02.14"]
[Round "8"]
[White "Gurevich,M"]
[Black "Zhukova,N"]
[Result "1-0"]
[WhiteElo "2656"]
[BlackElo "2462"]

1.d4 d5 2.c4 c6 3.Nf3 Nf6 4.e3 e6 5.Nc3 a6 6.c5 Nbd7 7.b4 g6 8.Bd3 Bg7 9.O-O O-O
10.e4 dxe4 11.Nxe4 Nxe4 12.Bxe4 a5 13.Bg5 Nf6 14.a3 h6 15.Bxf6 Qxf6 16.Qd2 Rd8
17.Qe3 Rxd4 18.Nxd4 Qxd4 19.Rad1 Qxe3 20.Rd8+ Kh7 21.fxe3 f5 22.b5 cxb5 23.Bd3 Bf6
24.Re8 b4 25.axb4 a4 26.Bc4 a3 27.Bxe6 Bxe6 28.Rxa8 Bb2 29.Ra7 Bd5 30.Rd1  1-0

[Event "Bundesliga 2003-4"]
[Site "Hamburg GER"]
[Date "2004.02.15"]
[Round "9"]
[White "Fish,G"]
[Black "Mueller,Ka"]
[Result "1/2-1/2"]
[WhiteElo "2509"]
[BlackElo "2517"]

1.d4 d5 2.c4 c6 3.Nc3 Nf6 4.Nf3 e6 5.e3 Nbd7 6.Qc2 Bd6 7.Bd3 dxc4 8.Bxc4 O-O
9.O-O e5 10.h3 exd4 11.exd4 Nb6 12.Bb3 Be6 13.Bxe6 fxe6 14.Ng5 Qd7 15.Re1 Rae8
16.Bd2 Nbd5 17.Re2 h6 18.Nf3 Nh5 19.Ne5 Bxe5 20.Rxe5 Qf7 21.Be3 Nhf6 22.Re1 Nd7
23.Re4 N7f6 24.Re5 Nd7 25.Re4 N7f6  1/2-1/2

[Event "II GM-Tage"]
[Site "Pulvermuehle GER"]
[Date "2004.02.19"]
[Round "1"]
[White "Bischoff,K"]
[Black "Hector,J"]
[Result "1-0"]
[WhiteElo "2561"]
[BlackElo "2518"]

1.Nf3 d5 2.c4 c6 3.e3 Nf6 4.Nc3 e6 5.d4 Nbd7 6.Qc2 Bd6 7.b3 O-O 8.Be2 Qe7
9.O-O b6 10.cxd5 cxd5 11.Nb5 Ba6 12.Nxd6 Bxe2 13.Qxe2 Qxd6 14.Bb2 Rfc8 15.Rfc1 a5
16.Ne5 a4 17.Qb5 axb3 18.axb3 Rxa1 19.Rxa1 Rc2 20.Ra8+ Nb8 21.Ba3 Qc7 22.h3 h6
23.Qb4 Kh7 24.Qe7 Qxe7 25.Bxe7 Nc6 26.Bxf6 gxf6 27.Nxf7 Na5 28.Ra7 Nxb3 29.Ng5+ Kg6
30.Nxe6 Kf5 31.Nf4 Rc1+ 32.Kh2 Nd2 33.g4+ Ke4 34.Kg2  1-0

[Event "53rd ch-BUL w"]
[Site "Sofia BUL"]
[Date "2004.02.19"]
[Round "3"]
[White "Doncheva,M"]
[Black "Velcheva,M"]
[Result "0-1"]
[WhiteElo "2065"]
[BlackElo "2317"]

1.d4 d5 2.c4 c6 3.e3 Nf6 4.Nc3 e6 5.Nf3 Nbd7 6.b3 Bb4 7.Bd2 Qe7 8.Be2 O-O
9.O-O b6 10.Qc2 Bb7 11.Ne5 Nxe5 12.dxe5 Nd7 13.f4 f6 14.Bd3 g6 15.exf6 Nxf6
16.Rae1 Bd6 17.e4 Bc5+ 18.Kh1 Ng4 19.Bc1 Nxh2 20.g3 Nxf1 21.Bxf1 dxc4 22.Bxc4 b5
23.Bf1 Rad8 24.Bg2 Rd7 25.e5 Bb4 26.Be3 Rfd8 27.Re2 Bxc3 28.Qxc3 Rd3 29.Qc5 Qxc5
30.Bxc5 Rxg3 31.Bd6 Rd3 32.Bc5 Rd2 33.Rxd2 Rxd2 34.Bxa7 Rxa2 35.Bc5 b4 36.Bh3 Kf7
37.Bf1 Ba6  0-1

[Event "Aeroflot Open"]
[Site "Moscow RUS"]
[Date "2004.02.20"]
[Round "4"]
[White "Bluvshtein,M"]
[Black "Asrian,K"]
[Result "0-1"]
[WhiteElo "2453"]
[BlackElo "2599"]

1.d4 d5 2.c4 e6 3.Nc3 c6 4.e3 Nf6 5.Nf3 Nbd7 6.Qc2 b6 7.b3 Bb7 8.Be2 Bd6
9.O-O O-O 10.Bb2 Qe7 11.Rad1 Rfe8 12.Rfe1 Rad8 13.e4 Nxe4 14.Nxe4 dxe4 15.Qxe4 Bb4
16.Rf1 Nf6 17.Qh4 Ba3 18.Ba1 c5 19.Ne5 cxd4 20.Bxd4 Ne4 21.Qxe7 Bxe7 22.Bh5 g6
23.Bf3 f6 24.Ng4 Kf7 25.Bb2 Nc5 26.Bxb7 Nxb7 27.g3 Nc5 28.Kg2 a5 29.Bd4 h5
30.Ne3 g5 31.h3 f5 32.Be5 Rd7 33.Rxd7 Nxd7 34.Bc3 Nc5 35.Rd1 Rd8 36.Rxd8 Bxd8
37.b4 axb4 38.Bxb4 Nd3 39.Bd2 f4 40.Nc2 e5 41.Kf3 Nb2 42.c5 bxc5 43.gxf4 gxf4
44.Na3 Ke6 45.Ke4 Nd1 46.Be1 Bh4 47.Kf3 Kd5 48.Nb5 Nb2 49.Ke2 Na4 50.Bd2 Kc6
51.Na3 Nb6 52.Nb1 c4 53.Nc3 Be7 54.Ne4 Na4 55.f3 Kd5 56.Nc3+ Nxc3+ 57.Bxc3 Ba3
58.Kd1 e4 59.Ke2 e3 60.Kd1 Bc5 61.Kc2 Bd4 62.Bb4 c3 63.Kd3 e2 64.Kxe2 Kc4
65.Bd6 Be3 66.a4 c2 67.Ba3 c1=Q 68.Bxc1 Bxc1 69.a5 Be3 70.a6 Kc3  0-1

[Event "53rd ch-BUL w"]
[Site "Sofia BUL"]
[Date "2004.02.21"]
[Round "5"]
[White "Doncheva,M"]
[Black "Chilingirova,P"]
[Result "0-1"]
[WhiteElo "2065"]
[BlackElo "2201"]

1.d4 d5 2.c4 c6 3.Nc3 Nf6 4.e3 e6 5.Nf3 Nbd7 6.Qc2 a6 7.b3 Bb4 8.Bb2 O-O
9.Bd3 Re8 10.O-O dxc4 11.bxc4 Bd6 12.Rfd1 Qe7 13.Ne4 Nxe4 14.Bxe4 f5 15.Bd3 Nf6
16.Ne5 Bxe5 17.dxe5 Nd7 18.f4 b6 19.Be2 Bb7 20.Bf3 Rab8 21.Rd6 c5 22.Rad1 Bxf3
23.gxf3 Rb7 24.Qb3 Reb8 25.Qa4 b5 26.Qxa6 bxc4 27.Rxe6 Qf7 28.Bc3 Nf8 29.Red6 Ra7
30.Qc6 Rxa2 31.Qd5 Qxd5 32.R6xd5 Rb3 33.Rc1 Ne6 34.Rd6 Kf7 35.e4 Nxf4 36.Kf1 fxe4
37.e6+ Nxe6 38.fxe4 Ke7 39.Be5 Nd4 40.Rd5 Rf3+ 41.Ke1 Re2+  0-1

[Event "5th Montenegro Open"]
[Site "Sozina SCG"]
[Date "2004.02.22"]
[Round "5"]
[White "Malakhatko,V"]
[Black "Kharitonov,Alexa"]
[Result "1-0"]
[WhiteElo "2543"]
[BlackElo "2461"]

1.d4 d5 2.c4 c6 3.Nc3 Nf6 4.e3 e6 5.Nf3 Nbd7 6.Bd3 dxc4 7.Bxc4 b5 8.Bd3 Bd6
9.O-O O-O 10.e4 e5 11.Ne2 Re8 12.Bg5 Bb7 13.Rc1 a6 14.Kh1 exd4 15.Nfxd4 Nc5
16.f3 Nxd3 17.Qxd3 Bf8 18.Qc2 c5 19.Nf5 Qb6 20.Neg3 Nd7 21.Rfd1 Ne5 22.Be3 Rad8
23.b4 Nc4 24.Bxc5 Bxc5 25.bxc5 Qxc5 26.Nh5 Rxd1+ 27.Rxd1 Rc8 28.Qc3 f6 29.Nxf6+  1-0

[Event "Aeroflot Open"]
[Site "Moscow RUS"]
[Date "2004.02.23"]
[Round "7"]
[White "Malakhov,V"]
[Black "Popov,I RUS"]
[Result "1-0"]
[WhiteElo "2700"]
[BlackElo "2460"]

1.Nf3 d5 2.d4 Nf6 3.c4 e6 4.Nc3 c6 5.e3 a6 6.b3 Bb4 7.Bd2 Bd6 8.Bd3 c5 9.O-O O-O
10.cxd5 exd5 11.dxc5 Bxc5 12.Qc2 Bg4 13.Ng5 g6 14.h3 Bc8 15.e4 dxe4 16.Ncxe4 Nxe4
17.Nxe4 Bd4 18.Rad1 Bf5 19.Bh6 Re8 20.Ng5 Bxd3 21.Rxd3 Nc6 22.Qc4 Qf6 23.Rf3 Ne5
24.Qxd4 Nxf3+ 25.Nxf3 Qxd4 26.Nxd4 f6 27.Be3 Rac8 28.g4 Rc3 29.Kg2 Rd8 30.Re1 Kf7
31.Re2 Rd3 32.Nf3 Rc8 33.g5 Rd5 34.h4 fxg5 35.Bxg5 Re8 36.Rc2 Ke6 37.Rc4 Kd7
38.Bf4 Re7 39.Ng5 Rf5 40.Kg3 Kd8 41.Ne4 Kd7 42.f3 Ke6 43.Rd4 Rd7 44.Bd6 b6
45.Kg4 h5+ 46.Kg3 Rd8 47.Rd1 b5 48.Kf2 Rd5 49.Rg1 Kf7 50.Bc7 R8d7 51.Rc1 Rd1
52.Rc2 R7d5 53.Rc6 Ra1 54.Rxa6  1-0

[Event "5th Montenegro Open"]
[Site "Sozina SCG"]
[Date "2004.02.23"]
[Round "6"]
[White "Kharitonov,Alexa"]
[Black "Puric,N"]
[Result "1-0"]
[WhiteElo "2461"]
[BlackElo "2321"]

1.d4 d5 2.c4 e6 3.Nc3 c6 4.Nf3 Nf6 5.e3 Be7 6.Bd3 Nbd7 7.O-O O-O 8.e4 dxe4
9.Nxe4 Nxe4 10.Bxe4 Nf6 11.Bc2 c5 12.Bg5 cxd4 13.Qd3 g6 14.Rad1 Nh5 15.Bxe7 Qxe7
16.Qxd4 b6 17.Be4 Rb8 18.Ne5 Qc5 19.Qc3 f5 20.Bf3 Nf4 21.Rfe1 Qc7 22.Qd4 g5
23.b4 Bb7 24.a4 Bxf3 25.Nxf3 Rbd8 26.Qe5 Qxe5 27.Nxe5 Kg7 28.Kf1 Rfe8 29.g3 Nh5
30.Kg2 Kg8 31.Rh1 Ng7 32.f4 Rxd1 33.Rxd1 Re7 34.Rd8+ Re8 35.Rd7 Ra8  1-0

[Event "Aeroflot Open"]
[Site "Moscow RUS"]
[Date "2004.02.24"]
[Round "8"]
[White "Najer,E"]
[Black "Ivanov,Se1"]
[Result "1-0"]
[WhiteElo "2602"]
[BlackElo "2544"]

1.Nf3 d5 2.d4 Nf6 3.c4 e6 4.Nc3 c6 5.e3 a6 6.b3 Bb4 7.Bd2 O-O 8.Bd3 Nbd7
9.O-O Qe7 10.Ne5 Nxe5 11.dxe5 Nd7 12.f4 dxc4 13.bxc4 Bxc3 14.Bxc3 Nc5 15.Bc2 b5
16.Qh5 h6 17.Rad1 bxc4 18.Rd4 a5 19.Rf3 Nd3 20.Rg3 Qa3 21.Bd2 f5 22.exf6 Rxf6
23.Rd8+ Rf8 24.Qxh6 Qe7 25.Bc3 e5 26.Bxe5 Nxe5 27.Qh7+  1-0

[Event "1st Balagne Open"]
[Site "Calvi FRA"]
[Date "2004.02.25"]
[Round "6"]
[White "Cornette,M"]
[Black "Guidarelli,L"]
[Result "0-1"]
[WhiteElo "2392"]
[BlackElo "2449"]

1.d4 d5 2.c4 c6 3.Nf3 Nf6 4.Nc3 e6 5.e3 Nbd7 6.Qc2 a6 7.e4 dxe4 8.Nxe4 Nxe4
9.Qxe4 Bb4+ 10.Bd2 Bxd2+ 11.Nxd2 O-O 12.O-O-O c5 13.Nf3 cxd4 14.Bd3 Nf6 15.Qh4 Qc7
16.Rhe1 b5 17.Bc2 Rd8 18.Ng5 h6 19.Ne4 Ne8 20.c5 Bb7 21.Rd3 Bxe4 22.Rxe4 Qxc5
23.Rexd4 Rxd4 24.Rxd4 Nf6 25.Rd2 e5 26.Qg3 Re8 27.Qd3 a5 28.Qd6 Qc4 29.b3 Qc3
30.Qd3 Qc6 31.f3 a4 32.bxa4 bxa4 33.Qa3 Rc8 34.Qd6 Qc3 35.Kd1 e4 36.Qd4 Qc7
37.fxe4 Qxh2 38.Kc1 Qh1+ 39.Kb2 Rb8+ 40.Ka3 Qc1+ 41.Kxa4 Ra8+ 42.Kb5 Qa3
43.e5 Rb8+ 44.Kc6 Qa6+  0-1

[Event "VII Malaga Open"]
[Site "Campillos ESP"]
[Date "2004.02.25"]
[Round "6"]
[White "Cifuentes Parada,R"]
[Black "Rodriguez Guerrero,E"]
[Result "1/2-1/2"]
[WhiteElo "2505"]
[BlackElo "2391"]

1.d4 Nf6 2.Nf3 d5 3.c4 c6 4.Nc3 e6 5.e3 Nbd7 6.Qc2 Bd6 7.b3 O-O 8.Be2 a6
9.O-O e5 10.cxd5 cxd5 11.dxe5 Nxe5 12.Bb2 Bg4 13.Nxe5 Bxe5 14.Bxg4 Nxg4 15.h3 Nf6
16.Rfd1 Rc8 17.Rac1 Qa5 18.Qd2 Rfd8 19.Ne2 Qxd2 20.Rxd2 Rxc1+ 21.Bxc1 Rc8
22.f3 h6 23.Ba3 Bb8 24.Kf2 Ba7 25.Bb2 Re8 26.Nd4 Kh7 27.g4 Kg6 28.Nf5 h5
29.Bxf6 Kxf6 30.Rxd5 hxg4 31.hxg4 g6 32.Rd6+ Re6 33.Rxe6+ Kxe6 34.Nd4+ Kd5
35.Nc2 Bc5 36.Ke2 Be7 37.Kd3 Bb4 38.Nd4 Bc5 39.f4 Ba7 40.f5 Bb8 41.a4 Kc5
42.Nc2 Kd5 43.Ne1 Kc5 44.Nc2 Kd5 45.b4 Bc7 46.Nd4 Bb8 47.a5 Kd6 48.Kc4 Bc7
49.e4 Kd7 50.e5 b6 51.axb6 Bxb6 52.Kd5 a5 53.bxa5 Bxa5 54.Nc6  1/2-1/2